000 00152nam a22000857a 4500
082 _a001
100 _aCBSE
245 _aTEACHERS MANUAL (IX-X)
942 _cBK
999 _c8449
_d8449